000 00884cam a2200217 i 4500
005 20260122112408.0
008 250721s2024 ua gr 000 0 ara d
020 _a9789777614245
082 1 4 _a344.041
_bع ب د
100 1 _aالمبدي، جهاد
_eمؤلف.
245 1 2 _aالاحكام المتعلقة بممارسة الاعمال الطبيه :
_bدراسة مقارنة بين الفقة الاسلامي والقانون /
_cدكتور جهاد محمود عبدالمبدي.
250 _aالطبعة الاولى.
264 3 1 _aالقاهرة :
_bالمركز القومي للاصدارات القانونية،
_c2024.
300 _a145 صفحة.
650 1 7 _aالفقة الاسلامي.
650 1 7 _aالفانون.
650 1 7 _aالطب.
650 1 7 _aالافراد الطبيون.
942 _2ddc
_cBK
999 _c144908
_d144908